000
00330 a2200157 4500
001
71549
020
_a
040
_c
Anchieta - Colégio São Paulo
100
_a
Dude
240
1
0
_a
Palavra tem par
_l
por
245
1
0
_a
Palavra tem par
300
_a
16
362
0
_a
2001
650
4
_a
Literatura infanto-juvenil
942
_c
BK
999
_c
71549
_d
71549